[Event "Dyuni op 2nd"]
[Site "Dyuni"]
[Date "2016.09.02"]
[Round "2"]
[White "Valkov, Vladimir"]
[Black "Kralevski, Aleksander"]
[Result "1-0"]
[WhiteElo "1940"]
[BlackElo "2130"]
[PlyCount "91"]
[EventDate "2016.09.02"]
[EventType "swiss"]
[EventRounds "7"]
[EventCountry "BUL"]
[SourceTitle "CBM 174 Extra"]
[Source "ChessBase"]
[SourceDate "2016.10.10"]
[SourceVersion "1"]
[SourceVersionDate "2016.10.10"]
[SourceQuality "1"]

1. e4 e5 2. Nf3 Nc6 3. Nc3 Nf6 4. Bb5 Bb4 5. Bxc6 dxc6 6. d3 Qd6 7. 0-0 h6 8. Ne2 Bg4 9. Ng3 g6 10. h3 Be6 11. Qe2 Nd7 12. Bd2 Bxd2 13. Nxd2 h5 14. Qe3 c5 15. Ne2 0-0-0 16. b3 g5 17. Nc4 Qe7 18. Kh2 g4 19. f4 gxh3 20. gxh3 Bxc4 21. bxc4 exf4 22. Qxf4 Kb8 23. Nc3 Ne5 24. Qf6 Qe8 25. Rf5 Ng6 26. Qxf7 Qc6 27. Rf6 Rd6 28. Nd5 Rxf6 29. Qxf6 Qe8 30. Rg1 Ne5 31. Rg5 Nc6 32. Qf4 Qd7 33. Rf5 Nd8 34. Rf8 Rxf8 35. Qxf8 b6 36. Qe7 Qc8 37. Qe8 c6 38. Qe5+ Kb7 39. Qe7+ Kb8 40. Qd6+ Kb7 41. Ne7 Qa8 42. e5 Ka6 43. e6 Nxe6 44. Qxe6 Qb8+ 45. Kg2 Qf4 46. Qc8+ 1-0

[Event "Plovdiv ChessBomb op 2nd"]
[Site "Plovdiv"]
[Date "2016.07.12"]
[Round "1"]
[White "Valkov, Vladimir"]
[Black "Kisyov, Petar"]
[Result "1/2-1/2"]
[WhiteElo "1990"]
[BlackElo "1278"]
[PlyCount "43"]
[EventDate "2016.07.12"]
[EventType "swiss"]
[EventRounds "7"]
[EventCountry "BUL"]
[SourceTitle "CBM 173 Extra"]
[Source "ChessBase"]
[SourceDate "2016.08.29"]
[SourceVersion "1"]
[SourceVersionDate "2016.08.29"]
[SourceQuality "1"]

1. e4 e6 2. d4 d5 3. e5 Nc6 4. c3 Nge7 5. Bd3 Ng6 6. f4 f5 7. exf6 Qxf6 8. g3 Bd6 9. Nf3 0-0 10. 0-0 Nce7 11. b3 Nf5 12. Qe2 Bd7 13. a4 a6 14. Ba3 Bxa3 15. Nxa3 c6 16. a5 Rae8 17. b4 Nxf4 18. gxf4 Qg6+ 19. Kh1 Qh6 20. Bxf5 exf5 21. Ne5 Qh3 22. Qf3 1/2-1/2

[Event "Stara Zagora Beroe op 4th"]
[Site "Stara Zagora"]
[Date "2016.05.14"]
[Round "3"]
[White "Dimitrov, Dimitar"]
[Black "Valkov, Vladimir"]
[Result "1-0"]
[WhiteElo "1965"]
[BlackElo "2012"]
[PlyCount "55"]
[EventDate "2016.05.14"]
[EventType "swiss"]
[EventRounds "6"]
[EventCountry "BUL"]
[SourceTitle "CBM 172 Extra"]
[Source "ChessBase"]
[SourceDate "2016.06.21"]
[SourceVersion "1"]
[SourceVersionDate "2016.06.21"]
[SourceQuality "1"]

1. d4 e6 2. e4 d5 3. Nc3 Nf6 4. Bg5 Be7 5. e5 Ng8 6. h4 h6 7. Be3 h5 8. Bd3 b6 9. Nf3 Ba6 10. Qe2 Bxd3 11. Qxd3 c6 12. 0-0-0 Qc8 13. Ng5 Qa6 14. Qd2 Nh6 15. a3 b5 16. Na2 Nd7 17. f3 Qa4 18. Qd3 Nf5 19. Bf2 a5 20. g4 hxg4 21. fxg4 Nxh4 22. Nxf7 Kxf7 23. Bxh4 Bxh4 24. Rxh4 Rxh4 25. Nc3 Qc4 26. Qf3+ Kg8 27. b3 Nxe5 28. Qg3 1-0

[Event "Albena Masters op"]
[Site "Albena"]
[Date "2013.06.05"]
[Round "5"]
[White "Valkov, Vladimir"]
[Black "Abdalla, Luiz Guilherme"]
[Result "0-1"]
[WhiteElo "2033"]
[BlackElo "2288"]
[PlyCount "60"]
[EventDate "2013.06.01"]
[EventType "swiss"]
[EventRounds "9"]
[EventCountry "BUL"]
[SourceTitle "CBM 154 Extra"]
[Source "ChessBase"]
[SourceDate "2013.06.25"]
[SourceVersion "2"]
[SourceVersionDate "2013.06.25"]
[SourceQuality "1"]

1. Nf3 c5 2. e4 d6 3. c3 Nf6 4. h3 Nc6 5. Bd3 d5 6. exd5 Nxd5 7. 0-0 g6 8. Bc2 Bg7 9. d3 0-0 10. Nbd2 b6 11. Nc4 Bb7 12. Ne3 Nc7 13. Qe2 Qd7 14. Ng4 Rad8 15. Bh6 Bxh6 16. Nxh6+ Kg7 17. Ng4 h5 18. Nge5 Nxe5 19. Qxe5+ f6 20. Qg3 Qd6 21. Qxd6 Rxd6 22. Rfe1 e5 23. Nd2 Ne6 24. Nc4 Rd7 25. Re3 Nf4 26. f3 Rfd8 27. a4 Ba6 28. a5 Bxc4 29. dxc4 Rd2 30. axb6 axb6 0-1

[Event "Albena Masters op"]
[Site "Albena"]
[Date "2013.06.03"]
[Round "3"]
[White "Valkov, Vladimir"]
[Black "Skomorokhin, Vadim"]
[Result "0-1"]
[WhiteElo "2033"]
[BlackElo "2383"]
[PlyCount "162"]
[EventDate "2013.06.01"]
[EventType "swiss"]
[EventRounds "9"]
[EventCountry "BUL"]
[SourceTitle "CBM 154 Extra"]
[Source "ChessBase"]
[SourceDate "2013.06.25"]
[SourceVersion "2"]
[SourceVersionDate "2013.06.25"]
[SourceQuality "1"]

1. e4 e6 2. d4 b6 3. Nf3 Bb7 4. Nc3 Bb4 5. Bd3 Nf6 6. Qe2 d5 7. e5 Ne4 8. Bd2 Nxd2 9. Qxd2 c5 10. a3 Bxc3 11. bxc3 Ba6 12. 0-0 Bxd3 13. cxd3 Nc6 14. dxc5 bxc5 15. Rab1 Qc7 16. Qg5 0-0 17. Rb5 h6 18. Qe3 d4 19. cxd4 cxd4 20. Nxd4 Nxd4 21. Qxd4 Rfd8 22. Qc4 Qd7 23. Rd1 Rac8 24. Qb3 Qxd3 25. Rf1 Rc3 26. Qb4 Rxa3 27. Rb7 Ra2 28. Rb8 Rd2 29. Rxd8+ Qxd8 30. Qa4 a5 31. h3 Rd4 32. Qc2 Qb8 33. Re1 Rd5 34. Qc3 Qb4 35. Qc8+ Kh7 36. Qc2+ g6 37. Re4 Rd4 38. Re3 Kg7 39. g3 Rc4 40. Qd3 Rc1+ 41. Kg2 Qc4 42. Qd8 Qf1+ 43. Kf3 Qd1+ 44. Qxd1 Rxd1 45. Ra3 Rd5 46. Ke4 Kf8 47. Rb3 Ke7 48. Rb7+ Rd7 49. Rb3 Ra7 50. f4 Kd7 51. Kd4 Kc6 52. Kc4 a4 53. Ra3 h5 54. h4 Ra8 55. Kb4 Kd5 56. Rd3+ Ke4 57. Ra3 Rd8 58. Kc5 Ra8 59. Kc4 Kf5 60. Kd4 Kg4 61. Ke4 Ra7 62. Kd4 Rb7 63. Kc5 Rd7 64. Kc6 Re7 65. Kd6 Ra7 66. Kc6 Kh3 67. Kb6 Re7 68. Kc6 Kg2 69. Kb6 Rd7 70. Kc6 Rd5 71. Kb6 Kh3 72. Kc6 Kg4 73. Kb6 Rd8 74. Kc5 Rd2 75. Kc6 Rf2 76. Kd6 Rf3 77. Rxa4 Kxg3 78. Ke7 Rxf4 79. Rxf4 Kxf4 80. Kxf7 Kf5 81. Kg7 g5 0-1

[Event "Albena Intelekti op"]
[Site "Albena"]
[Date "2012.06.18"]
[Round "2"]
[White "Valkov, Vladimir"]
[Black "Kostov, Galin"]
[Result "1-0"]
[WhiteElo "2023"]
[BlackElo "2206"]
[PlyCount "103"]
[EventDate "2012.06.17"]
[EventType "swiss"]
[EventRounds "9"]
[EventCountry "BUL"]
[SourceTitle "EXT 2014"]
[Source "ChessBase"]
[SourceDate "2013.11.20"]
[SourceVersion "1"]
[SourceVersionDate "2013.11.20"]
[SourceQuality "1"]

1. d4 e6 2. Nf3 Nf6 3. Bg5 c5 4. c3 h6 5. Bh4 Qb6 6. Qb3 Qxb3 7. axb3 Ne4 8. Nfd2 Nxd2 9. Kxd2 cxd4 10. cxd4 Nc6 11. e3 Bb4+ 12. Nc3 b6 13. Bd3 Bb7 14. Ke2 g5 15. Bg3 a6 16. Bc7 b5 17. Ne4 Ke7 18. Nc5 Rhc8 19. Bg3 Bxc5 20. dxc5 e5 21. h4 g4 22. Bf5 h5 23. Rhd1 Rc7 24. Rd6 f6 25. Rad1 Rd8 26. f3 Nb8 27. Be1 gxf3+ 28. gxf3 Nc6 29. b4 Bc8 30. Bc3 a5 31. bxa5 b4 32. Be1 Ra7 33. Be4 Bb7 34. Bxc6 Bxc6 35. Bxb4 Rg8 36. Kf2 Rb7 37. Bc3 Rb3 38. e4 Rgb8 39. Rg1 Kf7 40. Ra1 Ke7 41. Ke3 R8b5 42. a6 Rb8 43. f4 Rg8 44. a7 exf4+ 45. Kxf4 Rg4+ 46. Ke3 Rxe4+ 47. Kd2 Ba8 48. Rg1 Rg4 49. Re1+ Re4 50. Rxe4+ Bxe4 51. Bxf6+ Kf7 52. c6 1-0

[Event "Sunny Beach op 10th"]
[Site "Sunny Beach"]
[Date "2011.09.03"]
[Round "8"]
[White "Valkov, Vladimir"]
[Black "Shentov, Petar Delian"]
[Result "1-0"]
[WhiteElo "2061"]
[BlackElo "1708"]
[PlyCount "59"]
[EventDate "2011.08.27"]
[EventType "swiss"]
[EventRounds "9"]
[EventCountry "BUL"]
[SourceTitle "CBM 144 Extra"]
[Source "ChessBase"]
[SourceDate "2011.10.28"]
[SourceVersion "1"]
[SourceVersionDate "2011.10.28"]
[SourceQuality "1"]

1. e4 e6 2. d4 d5 3. e5 c5 4. Qg4 cxd4 5. Nf3 Nc6 6. Bd3 Nge7 7. 0-0 Ng6 8. Qg3 Be7 9. a3 0-0 10. Re1 a6 11. b4 b5 12. Nbd2 Bd7 13. Nb3 Rc8 14. Bb2 Qc7 15. Nbxd4 Nxd4 16. Bxd4 Rfe8 17. h4 Qd8 18. h5 Nh4 19. Nxh4 Bxh4 20. Qg4 f5 21. Qh3 Rf8 22. g3 Be7 23. f4 Qe8 24. Re2 Qf7 25. Rf1 g5 26. hxg6 Qxg6 27. g4 fxg4 28. Qh1 Qf7 29. Rh2 Be8 30. Rxh7 1-0

[Event "Sunny Beach op 10th"]
[Site "Sunny Beach"]
[Date "2011.09.02"]
[Round "7"]
[White "Nancheva, Doroteya"]
[Black "Valkov, Vladimir"]
[Result "1/2-1/2"]
[WhiteElo "1788"]
[BlackElo "2061"]
[PlyCount "99"]
[EventDate "2011.08.27"]
[EventType "swiss"]
[EventRounds "9"]
[EventCountry "BUL"]
[SourceTitle "CBM 144 Extra"]
[Source "ChessBase"]
[SourceDate "2011.10.28"]
[SourceVersion "1"]
[SourceVersionDate "2011.10.28"]
[SourceQuality "1"]

1. e4 Nc6 2. d4 e5 3. Nf3 d6 4. Bb5 Bd7 5. Nc3 exd4 6. Nxd4 a6 7. Bxc6 bxc6 8. 0-0 c5 9. Nf3 f6 10. Bf4 Ne7 11. Nd5 Ng6 12. Bg3 Be7 13. Nh4 Nxh4 14. Bxh4 0-0 15. f4 c6 16. Nxe7+ Qxe7 17. e5 dxe5 18. fxe5 g5 19. exf6 Rxf6 20. Rxf6 Qxf6 21. Bxg5 Qxb2 22. Rc1 Qd4+ 23. Kh1 Qxd1+ 24. Rxd1 Bf5 25. Rd6 Re8 26. Kg1 Re6 27. Rxe6 Bxe6 28. a3 Bf5 29. c3 Kf7 30. Kf2 Ke6 31. Ke3 Kd5 32. Kf4 Bc2 33. Be7 Kc4 34. Ke5 Kxc3 35. Bxc5 Kc4 36. Be3 Kb5 37. Kd6 Be4 38. g4 Bf3 39. g5 a5 40. h4 Bd1 41. Bf2 Bh5 42. Be3 Ka4 43. Kxc6 Kxa3 44. Bd4 a4 45. Kd6 Kb3 46. Ke7 Kc4 47. Bf6 Kd5 48. Kf8 a3 49. Kg7 Bg6 50. h5 1/2-1/2

[Event "Sunny Beach op 10th"]
[Site "Sunny Beach"]
[Date "2011.09.01"]
[Round "6"]
[White "Valkov, Vladimir"]
[Black "Angelov, Georgi"]
[Result "0-1"]
[WhiteElo "2061"]
[BlackElo "2218"]
[PlyCount "80"]
[EventDate "2011.08.27"]
[EventType "swiss"]
[EventRounds "9"]
[EventCountry "BUL"]
[SourceTitle "CBM 144 Extra"]
[Source "ChessBase"]
[SourceDate "2011.10.28"]
[SourceVersion "1"]
[SourceVersionDate "2011.10.28"]
[SourceQuality "1"]

1. e4 c5 2. Nf3 d6 3. c3 Nf6 4. h3 g6 5. Bd3 Bg7 6. 0-0 0-0 7. Re1 Nc6 8. Bf1 e5 9. d3 d5 10. Nbd2 d4 11. Nc4 Ne8 12. a4 Be6 13. Na3 a6 14. Ng5 Bd7 15. f4 dxc3 16. bxc3 exf4 17. Bxf4 Bxc3 18. Bd2 Bxa1 19. Qxa1 Nd4 20. Qc3 Rc8 21. e5 b5 22. axb5 axb5 23. Nc2 Bc6 24. Nxd4 cxd4 25. Qb4 Ng7 26. Ne4 Bxe4 27. Rxe4 Ne6 28. Qxb5 Rb8 29. Qc4 Qd7 30. Qc1 Qb5 31. Bh6 Rfc8 32. Qe1 Rc2 33. Qh4 Qa5 34. Bg5 f5 35. Rf4 Nxf4 36. Bxf4 Qd8 37. Qg3 Rb1 38. Qf3 Ra2 39. Bg5 Qa8 40. Qf4 Qxg2# 0-1

[Event "Sunny Beach op 10th"]
[Site "Sunny Beach"]
[Date "2011.08.31"]
[Round "5"]
[White "Thorarinsson, Pall A"]
[Black "Valkov, Vladimir"]
[Result "1/2-1/2"]
[WhiteElo "2264"]
[BlackElo "2061"]
[PlyCount "53"]
[EventDate "2011.08.27"]
[EventType "swiss"]
[EventRounds "9"]
[EventCountry "BUL"]
[SourceTitle "CBM 144 Extra"]
[Source "ChessBase"]
[SourceDate "2011.10.28"]
[SourceVersion "1"]
[SourceVersionDate "2011.10.28"]
[SourceQuality "1"]

1. d4 c5 2. d5 e5 3. e4 d6 4. Nc3 g6 5. Bb5+ Bd7 6. a4 Bg7 7. Nf3 Ne7 8. Nd2 0-0 9. Bxd7 Nxd7 10. a5 f5 11. Nc4 Nf6 12. Bg5 Nxe4 13. Nxe4 fxe4 14. Qg4 Bf6 15. Bh6 Rf7 16. Qxe4 Nf5 17. Be3 b5 18. axb6 axb6 19. 0-0 b5 20. Rxa8 Qxa8 21. Na3 Qb8 22. c3 Bg7 23. Nc2 Ra7 24. Bg5 Ra4 25. Qe2 h6 26. Bc1 Qb7 27. Rd1 1/2-1/2

[Event "Sunny Beach op 10th"]
[Site "Sunny Beach"]
[Date "2011.08.29"]
[Round "3"]
[White "Lagerman, Robert"]
[Black "Valkov, Vladimir"]
[Result "1-0"]
[WhiteElo "2325"]
[BlackElo "2061"]
[PlyCount "81"]
[EventDate "2011.08.27"]
[EventType "swiss"]
[EventRounds "9"]
[EventCountry "BUL"]
[SourceTitle "CBM 144 Extra"]
[Source "ChessBase"]
[SourceDate "2011.10.28"]
[SourceVersion "1"]
[SourceVersionDate "2011.10.28"]
[SourceQuality "1"]

1. e4 e6 2. d4 d5 3. Nd2 Nf6 4. e5 Nfd7 5. Bd3 b6 6. Ne2 Ba6 7. Bxa6 Nxa6 8. c3 c5 9. 0-0 Nc7 10. f4 g6 11. Nf3 Be7 12. Be3 Qc8 13. Bf2 Qa6 14. Bh4 Bxh4 15. Nxh4 cxd4 16. cxd4 Rc8 17. Ng3 Qb5 18. Qd2 Qa4 19. b3 Qa3 20. Rac1 Qe7 21. Nf3 0-0 22. Rc2 Na6 23. Rfc1 Rxc2 24. Qxc2 Ndb8 25. h4 Rd8 26. Qd2 Rd7 27. Rc8+ Rd8 28. Rc3 Rd7 29. b4 Rc7 30. b5 Rxc3 31. Qxc3 Nc7 32. a4 Qd8 33. h5 Ne8 34. h6 Qc7 35. Qa3 a5 36. Nf1 Qd8 37. Ne3 Nd7 38. Ng4 Nf8 39. Qc3 Nd7 40. Qc6 Nf8 41. Qxe8 1-0

[Event "Sunny Beach op 10th"]
[Site "Sunny Beach"]
[Date "2011.08.28"]
[Round "2"]
[White "Valkov, Vladimir"]
[Black "Pantev, Tsvetelin"]
[Result "1-0"]
[WhiteElo "2061"]
[BlackElo "1824"]
[PlyCount "51"]
[EventDate "2011.08.27"]
[EventType "swiss"]
[EventRounds "9"]
[EventCountry "BUL"]
[SourceTitle "CBM 144 Extra"]
[Source "ChessBase"]
[SourceDate "2011.10.28"]
[SourceVersion "1"]
[SourceVersionDate "2011.10.28"]
[SourceQuality "1"]

1. e4 c5 2. c3 g6 3. d4 cxd4 4. cxd4 d5 5. e5 Nc6 6. Nc3 Bg7 7. h4 h5 8. Nge2 Nh6 9. Nf4 Nf5 10. Be3 e6 11. Qd2 a6 12. g3 Bd7 13. Bh3 Nfe7 14. Kf1 Na5 15. b3 b5 16. Kg2 Qb6 17. Rhc1 0-0 18. Nce2 Rfc8 19. Nd3 Nb7 20. Ne1 Nc6 21. Bh6 Qa5 22. Qf4 Qb4 23. Bxg7 Kxg7 24. Qf6+ Kg8 25. Nf3 Qe7 26. Rxc6 1-0

[Event "BUL-ch sf 75th"]
[Site "Plovdiv"]
[Date "2011.02.13"]
[Round "9"]
[White "Petrov, Ivan"]
[Black "Valkov, Vladimir"]
[Result "1-0"]
[WhiteElo "2162"]
[BlackElo "2082"]
[PlyCount "49"]
[EventDate "2011.02.07"]
[EventType "swiss"]
[EventRounds "9"]
[EventCountry "BUL"]
[SourceTitle "CBM 140 Extra"]
[Source "ChessBase"]
[SourceDate "2011.03.01"]
[SourceVersion "1"]
[SourceVersionDate "2011.03.01"]
[SourceQuality "1"]

1. d4 Nf6 2. c4 g6 3. Nc3 Bg7 4. Nf3 0-0 5. Bg5 d6 6. e3 Nbd7 7. Be2 c5 8. 0-0 h6 9. Bh4 cxd4 10. Nxd4 b6 11. Bf3 Ba6 12. Bxf6 Bxf6 13. Bxa8 Qxa8 14. Ndb5 Bb7 15. Nd5 Bxb2 16. Nxe7+ Kh7 17. Rb1 Bxg2 18. Rxb2 Bf3 19. Qxd6 Nc5 20. Nc3 Ne6 21. Ncd5 g5 22. Qe5 g4 23. Qf4 Kh8 24. Qf6+ Kh7 25. Nf5 1-0

[Event "BUL-ch sf 75th"]
[Site "Plovdiv"]
[Date "2011.02.10"]
[Round "5"]
[White "Angelov, Boyan"]
[Black "Valkov, Vladimir"]
[Result "0-1"]
[WhiteElo "2077"]
[BlackElo "2082"]
[PlyCount "122"]
[EventDate "2011.02.07"]
[EventType "swiss"]
[EventRounds "9"]
[EventCountry "BUL"]
[SourceTitle "CBM 140 Extra"]
[Source "ChessBase"]
[SourceDate "2011.03.01"]
[SourceVersion "1"]
[SourceVersionDate "2011.03.01"]
[SourceQuality "1"]

1. e4 e5 2. Nf3 Nc6 3. Nc3 Nf6 4. Bb5 d6 5. d4 exd4 6. Nxd4 Bd7 7. 0-0 Nxd4 8. Qxd4 Bxb5 9. Nxb5 c6 10. Nc3 Be7 11. Bf4 Qb6 12. Qxb6 axb6 13. Rad1 0-0-0 14. a4 Ne8 15. Rd3 g5 16. Be3 Kc7 17. Bd4 Bf6 18. Be3 Rg8 19. Ne2 Ra8 20. b3 Rd8 21. g4 Be5 22. h3 Nf6 23. f4 gxf4 24. Bxf4 Nd7 25. Be3 f6 26. Rf5 Nc5 27. Bxc5 bxc5 28. Nf4 Rde8 29. Kf2 Rg5 30. Kf3 Rxf5 31. exf5 d5 32. Ne6+ Kd6 33. g5 b5 34. h4 Ra8 35. axb5 cxb5 36. Kg4 Ra2 37. Rd2 c4 38. bxc4 bxc4 39. Kf3 Ra3+ 40. Kg4 Ra2 41. Kf3 Ra3+ 42. Kg4 Rg3+ 43. Kh5 Rf3 44. Kg4 Rf1 45. Nf8 fxg5 46. hxg5 Rg1+ 47. Kh5 Bf4 48. Re2 Rxg5+ 49. Kh4 Rxf5 50. Re6+ Kc5 51. Nxh7 Bd6 52. Re2 Rf7 53. Ng5 Be7 54. Kh5 Bxg5 55. Kxg5 Kb4 56. Rd2 Rd7 57. Kf5 Kc3 58. Rh2 Re7 59. Kf4 d4 60. Kf3 Re1 61. Rg2 Rc1 0-1

[Event "Plovdiv Tringov Memorial"]
[Site "Plovdiv"]
[Date "2004.02.19"]
[Round "5"]
[White "Valkov, Vladimir"]
[Black "Peev, Peicho Chonev"]
[Result "1/2-1/2"]
[WhiteElo "2062"]
[BlackElo "2310"]
[PlyCount "49"]
[EventDate "2004.02.16"]
[EventType "swiss"]
[EventRounds "9"]
[EventCountry "BUL"]
[SourceTitle "CBM 098 Extra"]
[Source "ChessBase"]
[SourceDate "2004.03.10"]
[SourceVersion "2"]
[SourceVersionDate "2004.03.10"]
[SourceQuality "1"]

1. e4 d6 2. d4 Nf6 3. Nc3 g6 4. Nf3 Bg7 5. h3 c6 6. a4 a5 7. Be2 0-0 8. Be3 Qc7 9. 0-0 Nbd7 10. Qd2 e5 11. Rad1 Re8 12. dxe5 dxe5 13. Qd6 Qxd6 14. Rxd6 Bf8 15. Rdd1 Bb4 16. Nd2 Nc5 17. Bxc5 Bxc5 18. Bc4 Bd4 19. Rfe1 Be6 20. Bxe6 Rxe6 21. Nb3 Bxc3 22. bxc3 b6 23. f3 Kf8 24. Rd3 Ke7 25. Red1 1/2-1/2

[Event "BUL-chT"]
[Site "Plovdiv"]
[Date "2003.11.11"]
[Round "9"]
[White "Orev, Petar"]
[Black "Valkov, Vladimir"]
[Result "1/2-1/2"]
[WhiteElo "2229"]
[BlackElo "2067"]
[PlyCount "20"]
[EventDate "2003.11.??"]
[EventType "team"]
[EventRounds "9"]
[EventCountry "BUL"]
[SourceTitle "CBM 097 Extra"]
[Source "ChessBase"]
[SourceDate "2004.01.13"]
[SourceVersion "1"]
[SourceVersionDate "2004.01.13"]
[SourceQuality "1"]

1. e4 e5 2. Bc4 Nf6 3. Nc3 Bc5 4. d3 d6 5. Nf3 Nc6 6. 0-0 Bg4 7. Be3 Nd4 8. Bxd4 exd4 9. Ne2 Bxf3 10. gxf3 Nh5 1/2-1/2